| 000 | 01028cam a22003015a 4500 | ||
|---|---|---|---|
| 001 | 7502473 | ||
| 003 | EG-ScBUE | ||
| 005 | 20220210100742.0 | ||
| 008 | 720707s2015 enk f 000 0 eng d | ||
| 020 | _a9781107505414 | ||
| 035 | _a(OCoLC)350433 | ||
| 040 |
_aDLC _beng _erda _cODaWU _dOCoLC _dDLC _dEG-ScBUE |
||
| 082 | 0 | 4 |
_a823.91409 _bGIN _222 |
| 100 | 1 |
_aGindin, James Jack, _d1926- _eauthor. _939429 |
|
| 245 | 1 | 0 |
_aPostwar British fiction : _bnew accents and attitudes / _cJames Gindin. |
| 264 | 1 |
_aLondon : _bCambridge University Press, _c2015. |
|
| 300 |
_axii, 246 pages ; _c24 cm |
||
| 336 |
_2rdacontent _atext _btxt |
||
| 337 |
_2rdamedia _aunmediated _bn |
||
| 338 |
_2rdacarrier _avolume _bnc |
||
| 500 | _aFirst published 1962. by the university of California. | ||
| 650 | 7 |
_aEnglish fiction _y20th century _xHistory and criticism. _2BUEsh _930425 |
|
| 651 | _2BUEsh | ||
| 653 |
_cFebruary2016 _bHHUUEENN |
||
| 655 |
_vReading book _934232 |
||
| 906 |
_a7 _bcbc _coclcrpl _du _encip _f19 _gy-gencatlg |
||
| 942 |
_2ddc _cBB |
||
| 999 |
_c21228 _d21200 |
||